00360nam a2200121Ia 4500008004100000020002200041041000800063082002700071100001200098245006900110260005100179300000800230230519s9999 xx 000 0 und d a978-93-88178-57-0 aeng aCH/610.7343/GIL/DB0848 aGill KK aTextbook of Community Health Nursing-II for GNM Nursing Students bCBS Publishers & DistributorsaNew Delhic2020 a441